000
00338nam a2200133Ia 4500
008
231017s9999 xx 000 0 und d
082
_a
388.312
082
_b
MAR
245
0
_a
Evaluation of Optimal Traffic Monitoring Station Spacing on Freeways
245
0
_c
Peter Martin
260
_b
Peter Martin
300
_c
30cm
942
_c
REP
999
_c
604385
_d
604385